| 000 | 02297pam a2200457 a 4500 | ||
|---|---|---|---|
| 999 |
_c330087 _d330087 |
||
| 001 | 3468578 | ||
| 003 | NUST | ||
| 005 | 20170608095028.0 | ||
| 008 | 930126s1993 dcuab b f001 0 eng | ||
| 010 | _a 93016246 | ||
| 020 | _a0844407755 | ||
| 040 |
_aDLC _cDLC _dDLC |
||
| 043 | _af-so--- | ||
| 050 | 0 | 0 |
_aDT401.5 _b.S68 1993 _aZ663.275.S66 |
| 051 |
_aZ663.275 _b.S66 1993 _cCopy 3. |
||
| 082 | 0 | 0 |
_a967.73 _220 _bSOM 1993 |
| 245 | 0 | 0 |
_aSomalia : _ba country study / _cFederal Research Divsion, Library of Congress ; edited by Helen Chapin Metz. |
| 250 | _a4th ed. | ||
| 260 |
_aWashington, D.C. : _bFederal Research Divsion, Library of Congress : _bFor sale by the Supt. of Docs., U.S. G.P.O., _c1993. |
||
| 300 |
_axxxvii, 282 p. ; _bill., maps _c24 cm. |
||
| 440 | 0 |
_aArea handbook series, _x1057-5294 _92188 |
|
| 440 | 0 |
_aDA pam ; _v550-86 _92189 |
|
| 500 | _a"Research completed May 1992."(Photocopy) | ||
| 500 | _aSupercedes the 1982 ed. of Somalia : a country study, edited by Harold D. Nelson. | ||
| 501 | _aPhotocopy | ||
| 504 | _aIncludes bibliographical references (p. 237-259) and index. | ||
| 505 | 0 | _aHistorical setting ; The society and its environment / [Said S. Samatar] -- The economy / [David D. Laitin] -- Government and politics / [Eric Hooglund] -- National security / [Thomas Ofcansky]. | |
| 530 | _aAlso available in digital form on the Library of Congress Web site and the Internet Archive Web site. | ||
| 651 | 0 |
_aSomalia. _92190 |
|
| 700 | 1 |
_aMetz, Helen Chapin, _d1928- _92191 |
|
| 710 | 2 |
_aLibrary of Congress. _bFederal Research Division. _92192 |
|
| 710 | 2 |
_aThomas Leiper Kane Collection (Library of Congress. Hebraic Section) _5DLC _92193 |
|
| 856 | 4 | 1 |
_dfrdcstdy _fsomaliacountryst00metz_0 _uhttp://hdl.loc.gov/loc.gdc/cntrystd.so |
| 856 | 4 | 1 | _uhttp://hdl.loc.gov/loc.gdc/scd0001.00110249287 |
| 906 |
_a7 _bcbc _corignew _d1 _eocip _f19 _gy-gencatlg |
||
| 942 |
_2ddc _cBK |
||